[Event "Anapa op"]
[Site "Anapa"]
[Date "2012.09.04"]
[Round "5"]
[White "Barmin, Piotr"]
[Black "Beljushina, Sonja"]
[Result "1-0"]
[WhiteElo "1927"]
[BlackElo "1688"]
[PlyCount "105"]
[EventDate "2012.08.30"]
[EventType "swiss"]
[EventRounds "9"]
[EventCountry "RUS"]
[SourceTitle "CBM 150 Extra"]
[Source "ChessBase"]
[SourceDate "2012.10.19"]
[SourceVersion "1"]
[SourceVersionDate "2012.10.19"]
[SourceQuality "1"]

1. e4 c5 2. Nf3 d6 3. d4 cxd4 4. Nxd4 Nf6 5. Nc3 g6 6. Be3 Bg7 7. Qd2 0-0 8. f3 Nc6 9. g4 a6 10. a4 Bd7 11. h4 Nxd4 12. Bxd4 h5 13. Be3 Qa5 14. Bh6 Qe5 15. 0-0-0 b5 16. Bxg7 Kxg7 17. f4 Qc5 18. g5 Ng4 19. Qd4+ Qxd4 20. Rxd4 Rfc8 21. Nd5 e5 22. fxe5 dxe5 23. Rd2 Rab8 24. a5 Bc6 25. Bh3 Bxd5 26. exd5 Rc4 27. b3 Rd4 28. c3 Rxd2 29. Kxd2 Nf2 30. Rh2 Ne4+ 31. Kd3 Nd6 32. Rf2 Kf8 33. Bd7 Ke7 34. Bc6 Nf5 35. Rh2 Kd6 36. Rh3 Ne7 37. Rf3 Nf5 38. Rf2 Ke7 39. Rh2 Nd6 40. Rf2 Nf5 41. Rh2 Nd6 42. Rf2 Nf5 43. Ke4 Kd6 44. Rh2 Ng3+ 45. Kf3 Nf5 46. Ke4 Ng3+ 47. Kd3 Nf5 48. Rh3 Ke7 49. Rh1 Kd6 50. Rf1 Ke7 51. b4 Kd6 52. Rf2 Ke7 53. c4 1-0

[Event "Anapa op"]
[Site "Anapa"]
[Date "2012.09.03"]
[Round "4"]
[White "Galkin, Wladislaw"]
[Black "Barmin, Piotr"]
[Result "0-1"]
[WhiteElo "1997"]
[BlackElo "1927"]
[PlyCount "90"]
[EventDate "2012.08.30"]
[EventType "swiss"]
[EventRounds "9"]
[EventCountry "RUS"]
[SourceTitle "CBM 150 Extra"]
[Source "ChessBase"]
[SourceDate "2012.10.19"]
[SourceVersion "1"]
[SourceVersionDate "2012.10.19"]
[SourceQuality "1"]

1. e4 e5 2. Nf3 Nc6 3. Bc4 Nf6 4. Nc3 Bc5 5. 0-0 0-0 6. d3 d6 7. Bg5 h6 8. Bh4 Bg4 9. Nd5 g5 10. Bg3 Nd4 11. h3 Nxf3+ 12. gxf3 Bxh3 13. Re1 Nh5 14. Kh2 Be6 15. Rh1 c6 16. Nc3 b5 17. Bb3 Qf6 18. Kg2 Nf4+ 19. Bxf4 gxf4 20. Kf1 Kh7 21. Ke2 Rg8 22. Rg1 Rxg1 23. Qxg1 Rg8 24. Qh2 Qg5 25. Rh1 Rg6 26. Bxe6 fxe6 27. Qh4 Qg2 28. Qh2 a5 29. Qxg2 Rxg2 30. Nd1 Rg5 31. Kf1 Rg8 32. Rg1 Ra8 33. Kg2 b4 34. b3 a4 35. Re1 axb3 36. axb3 Bd4 37. Kg1 Ra2 38. Re2 Ra1 39. Re1 Rc1 40. Kf1 Rxc2 41. Re2 Rc1 42. Re1 Bc3 43. Nxc3 Rxe1+ 44. Kxe1 bxc3 45. Kd1 h5 0-1

[Event "Anapa op"]
[Site "Anapa"]
[Date "2012.09.01"]
[Round "2"]
[White "Lapsakov, Alexander S"]
[Black "Barmin, Piotr"]
[Result "1-0"]
[WhiteElo "1681"]
[BlackElo "1927"]
[PlyCount "92"]
[EventDate "2012.08.30"]
[EventType "swiss"]
[EventRounds "9"]
[EventCountry "RUS"]
[SourceTitle "CBM 150 Extra"]
[Source "ChessBase"]
[SourceDate "2012.10.19"]
[SourceVersion "1"]
[SourceVersionDate "2012.10.19"]
[SourceQuality "1"]

1. e4 c5 2. Nf3 Nc6 3. d4 cxd4 4. Nxd4 Nf6 5. Nc3 g6 6. Be2 e6 7. Bg5 Be7 8. Bh6 a6 9. 0-0 Qb6 10. Nxc6 bxc6 11. e5 Nd5 12. Nxd5 cxd5 13. Qd2 Rg8 14. Be3 Qxb2 15. Bd4 Qb4 16. c3 Qb8 17. Qh6 Bb7 18. Qxh7 Rf8 19. Bd3 Qc7 20. Rab1 Rb8 21. Rb3 Bc8 22. Rxb8 Qxb8 23. Rb1 Qc7 24. Rb3 Bc5 25. Bxc5 Qxc5 26. Qh4 Qc7 27. Qd4 Rh8 28. f4 Rh4 29. g3 Rh5 30. Be2 Rh7 31. Qb6 Qxb6+ 32. Rxb6 Kd8 33. Bxa6 Kc7 34. Rd6 Bxa6 35. Rxa6 Kb7 36. Ra3 Rh8 37. h4 Kb6 38. Kf2 Rc8 39. Rb3+ Kc6 40. a4 Ra8 41. Rb4 d6 42. Ke3 dxe5 43. fxe5 Ra7 44. Kd4 Ra5 45. g4 Ra8 46. Ke3 Rh8 1-0

[Event "RUS-ch Seniors"]
[Site "Odintsovo"]
[Date "2008.10.07"]
[Round "5"]
[White "Barmin, Piotr"]
[Black "Marinin, Viktor"]
[Result "1-0"]
[WhiteElo "1936"]
[BlackElo "2020"]
[PlyCount "55"]
[EventDate "2008.10.02"]
[EventType "swiss"]
[EventRounds "9"]
[EventCountry "RUS"]
[SourceTitle "CBM 127 Extra"]
[Source "ChessBase"]
[SourceDate "2009.01.08"]
[SourceVersion "2"]
[SourceVersionDate "2009.01.28"]
[SourceQuality "1"]

1. e4 d6 2. d4 g6 3. Nc3 Bg7 4. Bg5 c6 5. f3 Nf6 6. Qd2 0-0 7. 0-0-0 b5 8. g4 Re8 9. h4 h5 10. Bxf6 Bxf6 11. gxh5 gxh5 12. Qh6 e5 13. Nge2 Bg7 14. Rg1 Bg4 15. Qe3 Be6 16. dxe5 b4 17. Rxd6 Qxh4 18. Na4 Qe1+ 19. Rd1 Qh4 20. Nc5 Kh7 21. Nd3 Nd7 22. Bg2 Nxe5 23. Rh1 Qf6 24. Rxh5+ Kg8 25. Nxe5 Bxa2 26. f4 Bh6 27. Qg3+ Kf8 28. Nd7+ 1-0

[Event "RUS-ch Seniors"]
[Site "Odintsovo"]
[Date "2008.10.06"]
[Round "4"]
[White "Kasantsev, Anatolij B"]
[Black "Barmin, Piotr"]
[Result "1/2-1/2"]
[WhiteElo "2110"]
[BlackElo "1936"]
[PlyCount "129"]
[EventDate "2008.10.02"]
[EventType "swiss"]
[EventRounds "9"]
[EventCountry "RUS"]
[SourceTitle "CBM 127 Extra"]
[Source "ChessBase"]
[SourceDate "2009.01.08"]
[SourceVersion "2"]
[SourceVersionDate "2009.01.28"]
[SourceQuality "1"]

1. d4 Nf6 2. c4 c5 3. d5 e6 4. Nc3 exd5 5. cxd5 d6 6. e4 g6 7. h3 Bg7 8. Nf3 0-0 9. Bd3 Na6 10. 0-0 Nc7 11. Re1 Rb8 12. a4 b6 13. Bg5 a6 14. e5 dxe5 15. Nxe5 Bb7 16. Nc6 Bxc6 17. dxc6 Qd6 18. Qf3 Nfd5 19. Nxd5 Nxd5 20. Bc4 Nb4 21. Be7 Qxc6 22. Qxc6 Nxc6 23. Bxf8 Kxf8 24. Bxa6 Nb4 25. Bc4 Nc2 26. Rad1 Nxe1 27. Rxe1 Bxb2 28. Rb1 Bc3 29. Rb3 Ba5 30. Rd3 Rb7 31. g4 g5 32. Kg2 Re7 33. Kf3 Kg7 34. Re3 Rd7 35. Rd3 Rc7 36. Ke4 Rc6 37. f4 gxf4 38. Kxf4 Rf6+ 39. Kg3 Be1+ 40. Kg2 Rf2+ 41. Kg1 Rf4 42. Bb5 Bf2+ 43. Kg2 Bd4 44. Rf3 Re4 45. Rd3 Re6 46. Bc4 Rd6 47. Rf3 f6 48. Rf5 Be5 49. g5 Rd4 50. gxf6+ Bxf6 51. Bb5 Rh4 52. Rd5 Rd4 53. Rxd4 cxd4 54. Kf3 Kf7 55. Ke4 Ke6 56. Be2 Kd6 57. Bh5 Kc5 58. Kd3 Kd5 59. Bf3+ Ke5 60. Bh5 Be7 61. Be8 Bc5 62. Bh5 Kf4 63. Be8 Kg5 64. Kc4 h5 65. a5 1/2-1/2